Integrated weed management in rubber (Hevea brasiliensis) (Record no. 61476)

MARC details
000 -LEADER
fixed length control field 00604nam a2200169Ia 4500
100 ## - MAIN ENTRY--AUTHOR NAME
Personal name George Sherin
245 #0 - TITLE STATEMENT
Title Integrated weed management in rubber (Hevea brasiliensis)
260 ## - PUBLICATION, DISTRIBUTION, ETC. (IMPRINT)
Name of publisher Food and Environment : 2nd International Agronomy Congress on Balancing Food and Environmental Security- A continuing Challenge : Extended Summaries. V.2, New Delhi, November 26-30, 2002
650 ## - SUBJECT ADDED ENTRY--TOPICAL TERM
Topical Term Hevea brasiliensis
650 ## - SUBJECT ADDED ENTRY--TOPICAL TERM
Topical Term Weed management
700 ## - ADDED ENTRY--PERSONAL NAME
Personal name Joseph K
700 ## - ADDED ENTRY--PERSONAL NAME
Personal name Philip V
700 ## - ADDED ENTRY--PERSONAL NAME
Personal name Punnoose K I
856 ## - ELECTRONIC LOCATION AND ACCESS
Uniform Resource Identifier Reprint
942 ## - ADDED ENTRY ELEMENTS (KOHA)
Koha item type Journals
Holdings
Withdrawn status Lost status Damaged status Not for loan Home library Current library Shelving location Date acquired Koha item type
      Journals RRII Library RRII Library Soils and agonomy 25/03/2003 Journals